000 00481nam a2200169 i 4500
001 64365
003 ES-MaACL
005 20230906165119.0
007 t|
008 031223s1963 sp ||||1| spa d
100 1 _aFluhmann, C. Frederic.
_951372
245 1 3 _aEl cuello uterino y sus enfermedades /
_cC. Frederic Fluhmann.
250 _a[1ยช ed.].
260 _a[Barcelona :
_bSalvat,
_c1963]
300 _aXVI, 540 p. :
_bil. ;
_c26 cm.
852 _aES-MaACL
_jC-23940
_bR.52681
999 _c64365
_d64365